000 00491nam a22001937a 4500
003 LK-CoMWRAF
005 20231122150055.0
008 231122b |||||||| |||| 00| 0 eng d
020 _a8172231334
040 _aLK-CoMWRAF
_dLK-CoMWRAF
_eLK-CoMWRAF
041 _aeng
082 _a823
_bCHA
100 _aChatterjee, Debiani
245 _aSufi stories from around the world
260 _aNew Delhi :
_bHarperCollins,
_c1994
300 _a101p
650 _aChildren stories
942 _cBK
999 _c4217
_d4217